01056nam a22002897a 4500003000900000005001700009008002900026020001500055040002200070082002800092100003100120245010300151260003300254300002900287490002400316500004500340521002000385590002600405650003300431650003000464700002700494700002900521910005100550942001200601952013600613999001700749DO-SdBNP20240403132629.01607182005 mx a spa d a9681907302 aBPMSUbspacBPMSU 4a833.91bH332a 2005 2221 aHärtling, Peter, d1933-13aLa abuela /cPeter Härtling ; traducción de Victor Canico ; illustraciones de Ingrid Mizsenko. aMadrid : bAlfaguara,c2005. a103 p. :bil. ;c19 cm. 0 aAlfaguara infantil  aIncluye datos biográficos de la autor. aDesde 10 años aInventariado, 2024/VM 4aCuentos infantiles alemanes  4aAmor vCuentos infantiles1 aMizsenko, Ingrid,eil.1 aCanicio, Víctor, etr. aYLOCKWARD/ VMateo V. Control de calidad. BPMSU 2ddccBK 00102ddc40708CI-GaBPMETbBPMETd2016-12-13eFUNDI l0oBPMSU CGI 833.91 H332a 2005 pBPMSU16120269r2016-12-13w2016-12-13yBK c12392d12392